NBA: Top 50 Active Players: Personal Fouls - Statistics

General Stats
  • This quiz has been taken 74 times
    11 since last reset
  • The average score is 29 of 50
Answer Stats
# Player Fouls % Correct
24 Kevin Durant 2,279
100%
5 LeBron James 2,862
100%
26 Nikola Jokić 2,168
100%
19 Stephen Curry 2,385
100%
8 Draymond Green 2,733
91%
4 James Harden 2,994
91%
1 Russell Westbrook 3,304
91%
11 Giannis Antetokounmpo 2,617
82%
12 Jeff Green 2,514
82%
46 Klay Thompson 1,775
82%
15 Al Horford 2,467
73%
16 Karl-Anthony Towns 2,452
73%
13 Paul George 2,502
73%
18 Rudy Gobert 2,408
73%
6 DeMar DeRozan 2,808
64%
50 Jaylen Brown 1,709
64%
7 Jonas Valančiūnas 2,759
64%
20 Julius Randle 2,375
64%
35 Kevin Love 1,895
64%
36 Anthony Davis 1,882
55%
3 Brook Lopez 3,022
55%
T42 Dillon Brooks 1,809
55%
29 Domantas Sabonis 2,084
55%
25 Jrue Holiday 2,274
55%
48 Kyrie Irving 1,770
55%
14 Nikola Vučević 2,484
55%
40 Pascal Siakam 1,842
55%
32 Tobias Harris 2,033
55%
T42 Andrew Wiggins 1,809
45%
44 CJ McCollum 1,801
45%
27 Devin Booker 2,140
45%
49 Kentavious Caldwell-Pope 1,743
45%
28 Khris Middleton 2,094
45%
2 Kyle Lowry 3,169
45%
47 Marcus Smart 1,773
45%
21 Mike Conley 2,354
45%
37 Steven Adams 1,863
45%
9 Andre Drummond 2,724
36%
41 Bradley Beal 1,819
36%
10 DeAndre Jordan 2,700
36%
38 Dennis Schröder 1,861
36%
45 Jerami Grant 1,783
36%
33 Jusuf Nurkić 1,990
36%
39 Kelly Oubre Jr. 1,854
36%
23 Mason Plumlee 2,302
36%
30 Myles Turner 2,066
36%
17 Taj Gibson 2,439
36%
34 Bismack Biyombo 1,901
27%
22 Kelly Olynyk 2,319
27%
31 Nicolas Batum 2,049
27%
No matching quizzes found
Score Distribution
Percent of People with Each Score
Percentile by Number Answered
Your Score History
You have not taken this quiz since the last reset